Reforma procesal penal: funciones de Carabineros de Chile

Salvato in:
Dettagli Bibliografici
Ente Autore: Carabineros de Chile (Autore)
Natura: Libro
Lingua:spagnolo
Pubblicazione: Santiago Carabineros de Chile 2004
Edizione:1a. ed
Soggetti:
Tags: Aggiungi Tag
Nessun Tag, puoi essere il primo ad aggiungerne!!

MARC

LEADER 00000nam a2200000 a 4500
001 UCJ9356
003 CL-VaPUC
008 070316e20040000CL |||||||||||||||||spa|d
082 0 4 |a 345.8305  |b CAR  |2 21 
110 2 |a Carabineros de Chile  |e author  |9 519321 
245 1 0 |a Reforma procesal penal: funciones de Carabineros de Chile 
250 |a 1a. ed 
300 |a 196 p 
942 |c BK 
945 |d 20070316 00:00:00  |a cmena 
260 |a Santiago  |b Carabineros de Chile  |c 2004 
600 0 7 |a CARABINEROS DE CHILE  |2 CL-VaPUC  |9 388628 
650 0 |a Reforma procesal penal   |9 471095 
650 0 |a Código procesal penal  |9 432657 
650 7 |a DERECHO PENAL CHILENO  |2 CL-VaPUC  |9 519322 
650 0 |a Derecho procesal penal   |9 256392 
650 0 |a Delitos  |9 224143 
583 |a last modification  |c 20070316 00:00:00  |k Rodrigo Vera 
999 |c 324890  |d 324888 
952 |0 0  |1 0  |4 0  |6 345_830500000000000_CAR_2004  |7 0  |8 A  |9 405276  |a BIBDER  |b BIBDER  |d 2019-11-22  |i 4293266  |o 345.8305 CAR 2004  |p 4293266  |r 2023-01-25  |w 2019-11-22  |y BK  |k DER